[Event "Tournament (Elo) \"]
[Site "masterchessopen.com Warsaw (Poland)"]
[Date "2009.02.09"]
[Round "3"]
[White "Nowicki Bartosz (POL)"]
[Black "Wilczynski Adam (POL)"]
[Result "1-0"]
[WhiteElo "1944"]
[BlackElo "1759"]

1.e4 c5 2.Nf3 Nc6 3.d4 cxd4 4.Nxd4 Nf6 5.Nc3 d6 6.Bg5 Bd7 7.f4 Qb6 8.Nb3 Qe3+
9.Qe2 Qxe2+ 10.Bxe2 Rc8 11.O-O-O a6 12.Rd2 e6 13.Rhd1 Rc7 14.Bf3 Be7 15.Kb1 b5
16.e5 dxe5 17.Bxf6 gxf6 18.Rxd7 Rxd7 19.Bxc6 O-O 20.Rxd7 {#r} 1-0

[Event "Tournament (juniors) (under 14)"]
[Site "masterchessopen.com Sielpia (Poland)"]
[Date "2009.05.01"]
[Round "7"]
[White "Dragun Kamil (POL)"]
[Black "Malec Sebastian (POL)"]
[Result "1-0"]
[WhiteElo "2232"]
[BlackElo "2041"]

1.e4 c5 2.Nf3 Nc6 3.d4 cxd4 4.Nxd4 Nf6 5.Nc3 d6 6.Bg5 Bd7 7.Be2 Rc8 8.O-O Qa5
9.Bxf6 gxf6 10.Nf5 Qe5 11.Nd5 Bxf5 12.exf5 Nd4 13.Bf3 Rc5 14.c4 Rg8 15.Kh1
Rxc4 16.Re1 Qxf5 17.Ne3 Qc5 18.Nxc4 Qxc4 19.Rc1 Qb4 20.a3 Qb6 21.Qa4+ Kd8
22.Qc4 Qc5 23.Qd3 Nxf3 24.Rxc5 Nxe1 25.Qxh7 Rxg2 26.Rc1 Rxf2 27.Rxe1 Rxb2
28.Qxf7 {#r} 1-0

[Event "It (open) \"]
[Site "masterchessopen.com Lazy (Poland)"]
[Date "2009.06.25"]
[Round "5"]
[White "Malec Sebastian (POL)"]
[Black "Grochowalski Pawel (POL)"]
[Result "1-0"]
[WhiteElo "2041"]
[BlackElo "2100"]

1.e4 c5 2.Nf3 Nc6 3.d4 cxd4 4.Nxd4 Nf6 5.Nc3 d6 6.Bg5 Bd7 7.Be2 Qa5 8.Bxf6
gxf6 9.O-O Rg8 10.Kh1 Qg5 11.g3 O-O-O 12.a4 Kb8 13.a5 Nxd4 14.Qxd4 f5 15.a6
Bg7 16.Qb4 b6 17.Nd5 Ka8 18.f4 Qh6 19.Bf3 fxe4 20.Qxe4 Kb8 21.Nf6 {#r} 1-0

[Event "Cup Governor's (open) (b)"]
[Site "masterchessopen.com Khanty Mansyisk (Russia)"]
[Date "2009.11.24"]
[Round "1"]
[White "Soloviov Vitalii (RUS)"]
[Black "Gutenev Alexander (RUS)"]
[Result "0-1"]
[WhiteElo "1833"]
[BlackElo "2347"]

1.e4 c5 2.Nf3 Nc6 3.d4 cxd4 4.Nxd4 Nf6 5.Nc3 d6 6.Bg5 Bd7 7.Nxc6 bxc6 8.Bc4
Qa5 9.Bxf6 gxf6 10.Qd2 Rb8 11.Bb3 Rg8 12.f3 f5 13.O-O-O Bg7 14.Kb1 Kf8 15.Rhe1
c5 16.e5 c4 17.Bxc4 Bxe5 18.Rxe5 Qxe5 19.f4 Qf6 20.Bb3 Be6 21.Re1 Kg7 22.g3
Rgc8 23.Re3 Rb4 24.Qe1 Rcb8 25.Kc1 Bxb3 26.axb3 e6 27.h4 h5 28.Qd1 d5 29.Re5
Kh6 30.Qd3 a5 31.Qa6 Kg7 32.Qe2 Qg6 33.Qa6 Qxg3 {#R} 0-1

[Event "Extraliga 2009/10"]
[Site "masterchessopen.com Slovakia"]
[Date "2010.01.24"]
[Round "6"]
[White "Czebe Attila (HUN)"]
[Black "Antoniewski Rafal (POL)"]
[Result "0-1"]
[WhiteElo "2479"]
[BlackElo "2608"]

1.e4 c5 2.Nf3 d6 3.d4 cxd4 4.Nxd4 Nf6 5.Nc3 Nc6 6.Bg5 Bd7 7.f3 a6 8.Qd2 Nxd4
9.Qxd4 Qa5 10.h4 Rc8 11.O-O-O h6 12.Be3 e5 13.Qd2 Be6 14.Kb1 Rxc3 15.Qxc3
Qxa2+ 16.Kc1 Be7 17.Kd2 Qa4 18.b3 Qd7 19.Kc1 O-O 20.Kb1 Rc8 21.Qd2 d5 22.g4 d4
23.Qg2 Qc6 24.Bc1 a5 25.Bb2 a4 26.h5 Qb6 27.Rd3 axb3 28.Rxb3 Bxb3 {#R} 0-1

[Event "It \"]
[Site "masterchessopen.com Berlin (Germany)"]
[Date "2010.07.15"]
[Round "7"]
[White "Richter Goetz (GER)"]
[Black "Kalinitschew Sergey (GER)"]
[Result "0-1"]
[WhiteElo "2041"]
[BlackElo "2436"]

1.e4 c5 2.Nf3 d6 3.d4 cxd4 4.Nxd4 Nf6 5.Nc3 Nc6 6.Bg5 Bd7 7.Be2 Qa5 8.Bxf6
gxf6 9.Nb3 Qg5 10.g3 f5 11.Nd5 Rc8 12.h4 Qg7 13.exf5 Bxf5 14.c3 Rg8 15.Nd2 Qh6
16.Qa4 Bd7 17.O-O-O e6 18.Ne3 d5 19.Ng4 Qg7 20.Qf4 Be7 21.Qf3 Nd4 {#R} 0-1

[Event "It (open)"]
[Site "masterchessopen.com Pardubice (Czech Republic)"]
[Round "9"]
[White "Jasny Stanislav (CZE)"]
[Black "Yuffa Daniil (RUS)"]
[Result "1-0"]
[WhiteElo "1858"]
[BlackElo "2235"]

1.e4 c5 2.Nf3 Nc6 3.d4 cxd4 4.Nxd4 Nf6 5.Nc3 d6 6.Bg5 Bd7 7.Nb3 Rc8 8.Be2 a6
9.a4 Na5 10.Bxf6 gxf6 11.O-O Bg7 12.Nd4 Nc4 13.Bxc4 Rxc4 14.Nd5 e6 15.Ne3 Rc8
16.Qg4 Kf8 17.Rad1 Bxa4 18.Ndf5 exf5 19.Nxf5 Rg8 20.Rxd6 Qc7 21.e5 Be8 22.Rd8
fxe5 23.Rxc8 {#r} 1-0

[Event "Cup Governor's (open)"]
[Site "masterchessopen.com Khanty Mansyisk (Russia)"]
[Date "2010.09.21"]
[Round "5"]
[White "Kokarev Dmitry (RUS)"]
[Black "Gutenev Alexander (RUS)"]
[Result "1-0"]
[WhiteElo "2623"]
[BlackElo "2327"]

1.e4 c5 2.Nf3 Nc6 3.d4 cxd4 4.Nxd4 Nf6 5.Nc3 d6 6.Bg5 Bd7 7.Bxf6 gxf6 8.Nf5
Qa5 9.Bb5 a6 10.Bxc6 bxc6 11.Qd3 Qe5 12.O-O e6 13.Rfe1 Kd8 14.Ne3 Qc5 15.b4
Qa7 16.Rad1 Rb8 17.a3 c5 18.Rb1 Rc8 19.b5 axb5 20.Nxb5 Qa6 21.Red1 Bxb5
22.Rxb5 c4 23.Qc3 Qxb5 24.Qxf6+ Ke8 25.Qxh8 h6 26.Rxd6 Qc5 27.Rd1 Qxa3 28.Qd4
Qa4 29.Nxc4 Ke7 30.Nb6 {#r} 1-0

[Event "Ch Slovakia (team) 2010/11 (1 liga) East"]
[Site "masterchessopen.com Slovakia"]
[Date "2010.11.06"]
[Round "1"]
[White "Palecek Peter (SVK)"]
[Black "Biros Robert (SVK)"]
[Result "1-0"]
[WhiteElo "2240"]
[BlackElo "2140"]

1.e4 c5 2.Nf3 d6 3.d4 cxd4 4.Nxd4 Nf6 5.Nc3 Nc6 6.Bg5 Bd7 7.Nb3 h6 8.Bxf6 gxf6
9.Qh5 Rg8 10.f4 a6 11.Bc4 e6 12.O-O Qb6+ 13.Kh1 Qb4 14.Bd3 Rg7 15.a3 Qb6
16.Qxh6 Rxg2 17.Qxf6 Rg6 18.Qh4 Rh6 19.Qf2 Qd8 20.Na4 Be7 21.Rg1 Rh8 22.Rg4
Ne5 23.fxe5 Bxa4 24.Rf1 Kd7 25.Qd4 Bc6 26.Rxf7 Kc8 27.Rgg7 dxe5 28.Qc4 Bd6
29.Rxb7 Qe8 30.Na5 {#r} 1-0

[Event "It (open) (juniors) (under 16)"]
[Site "masterchessopen.com Benidorm (Spain)"]
[Date "2010.12.04"]
[Round "1"]
[White "Rosillo Olmedo Javier (ESP)"]
[Black "Vazquez Torres Adrian (ESP)"]
[Result "0-1"]
[WhiteElo "1626"]
[BlackElo "2160"]

1.e4 c5 2.Nf3 d6 3.d4 cxd4 4.Nxd4 Nf6 5.Nc3 Nc6 6.Bg5 Bd7 7.Bc4 Qa5 8.Bxf6
gxf6 9.Nb3 Qg5 10.Qf3 Ne5 11.Qe2 Qxg2 12.O-O-O Bh6+ 13.Kb1 Bg4 14.f3 Bxf3
15.Bb5+ Kf8 16.Qxg2 Bxg2 17.Rhg1 Bf3 18.Rdf1 Bh5 19.Nd4 Be3 20.Nf5 Bxg1
21.Rxg1 a6 22.Ba4 Nf3 23.Rg3 b5 24.Bb3 Nd2+ 25.Kc1 Nxb3+ 26.axb3 Bg6 27.Nh6 b4
28.Nd5 Bxe4 29.Nxb4 f5 30.Rg5 {#R} 0-1

[Event "Ch Russia (seniors)"]
[Site "masterchessopen.com Odintsovo (Russia)"]
[Date "2011.04.24"]
[Round "6"]
[White "Filipenko Alexander V (RUS)"]
[Black "Mantsinov E (RUS)"]
[Result "1-0"]
[WhiteElo "2353"]
[BlackElo "2244"]

1.e4 c5 2.Nf3 d6 3.d4 cxd4 4.Nxd4 Nf6 5.Nc3 Nc6 6.Bg5 Bd7 7.Bxf6 gxf6 8.Nf5
Qa5 9.Bb5 a6 10.Bxc6 bxc6 11.Qd3 Rg8 12.O-O h5 13.b4 Qxb4 14.Rab1 Qa5 15.Rb2
e6 16.Nxd6+ Bxd6 17.Qxd6 Qe5 18.Qxe5 fxe5 19.Na4 Ke7 20.Rfb1 Rgd8 21.Rb7 Ke8
22.f3 Bc8 23.Rc7 Rd2 24.Nb6 {#r} 1-0

[Event "It (open)"]
[Site "masterchessopen.com Miedzyzdroje (Poland)"]
[Date "2011.05.01"]
[Round "1"]
[White "Smieszek Wojciech (POL)"]
[Black "Siwiec Arkadiusz (POL)"]
[Result "0-1"]
[WhiteElo "1802"]
[BlackElo "2160"]

1.e4 c5 2.Nf3 d6 3.d4 cxd4 4.Nxd4 Nf6 5.Nc3 Nc6 6.Bg5 Bd7 7.Be2 Rc8 8.O-O Qa5
9.Bxf6 gxf6 10.f4 Qc5 11.Nb5 a6 12.b4 Qb6 13.Bh5 axb5 14.Bxf7+ Kxf7 15.Qh5+
Kg8 16.c3 Nxd4 17.cxd4 Qxd4+ 18.Kh1 Qxe4 19.Rf3 Bg7 20.Rg3 Kf8 21.Qd1 Bf5
22.Qb3 Qc4 23.Qe3 Kf7 24.Re1 Rhe8 {#R} 0-1

[Event "Cup Edgardo de la Cruz del Villar"]
[Site "masterchessopen.com Cartagena (Colombia)"]
[Date "2011.06.19"]
[Round "6"]
[White "Patron Hernandez Kevin (COL)"]
[Black "Manotas Franklin"]
[Result "1-0"]
[WhiteElo "2092"]
[BlackElo "1984"]

1.e4 c5 2.Nf3 Nc6 3.d4 cxd4 4.Nxd4 Nf6 5.Nc3 d6 6.Bg5 Bd7 7.Nb3 a6 8.Be2 h6
9.Bxf6 gxf6 10.Bh5 e6 11.O-O Be7 12.Kh1 Rc8 13.f4 Na5 14.f5 Nc4 15.Qc1 exf5
16.exf5 Qc7 17.Ne2 Ne5 18.c3 b5 19.Nbd4 Qb7 20.Ne6 Bc6 21.N2f4 Rg8 22.Rf2 Kd7
23.Nd4 Nd3 24.Qe3 Nxf2+ 25.Qxf2 Rg7 26.Re1 Rcg8 27.Nxc6 Qxc6 28.Qa7+ Kc8
29.Bf3 d5 30.Nxd5 {#r} 1-0

[Event "Ch Czech Republic (team) (open)"]
[Site "masterchessopen.com Pardubice (Czech Republic)"]
[Date "2011.07.17"]
[Round "7"]
[White "Biolek Richard Jr (CZE)"]
[Black "Vodicka Vlastimil (CZE)"]
[Result "1-0"]
[WhiteElo "2399"]
[BlackElo "2086"]

1.e4 c5 2.Nf3 d6 3.d4 cxd4 4.Nxd4 Nf6 5.Nc3 Nc6 6.Bg5 Bd7 7.Bxf6 gxf6 8.Nf5
Qa5 9.Bb5 h5 10.O-O a6 11.Bxc6 bxc6 12.Qd3 Rb8 13.b4 Qc7 14.Qxa6 e6 15.Ne3
Rxb4 16.Rab1 Bc8 17.Qd3 Rxb1 18.Rxb1 Ke7 19.Qc4 Kd7 20.Qa4 Bh6 21.Nc4 Bf4
22.Nb6+ Ke7 23.Ne2 Bh6 24.Nd4 Bb7 25.Qa7 Rb8 26.Nxc6+ Qxc6 27.Qxb8 Qxe4
28.Qc7+ Ke8 29.Nd5 {#r} 1-0

[Event "Cup Giorgio Porreca (open)"]
[Site "masterchessopen.com Napoli (Italy)"]
[Date "2011.09.29"]
[Round "2"]
[White "De Rosa Mariagrazia"]
[Black "Ambrosio Giuseppe (ITA)"]
[Result "0-1"]
[WhiteElo "2131"]
[BlackElo "2059"]

1.e4 c5 2.Nf3 Nc6 3.d4 cxd4 4.Nxd4 Nf6 5.Nc3 d6 6.Bg5 Bd7 7.f3 a6 8.Qd2 Nxd4
9.Qxd4 Qa5 10.Bd2 Rc8 11.g4 h6 12.O-O-O e5 13.Qg1 b5 14.Be3 Rxc3 15.bxc3 Qxc3
16.Rd3 Qa1+ 17.Kd2 d5 18.Bc5 {#R} 0-1

[Event "Ch NRW"]
[Site "masterchessopen.com Muenster (Germany)"]
[Date "2011.10.25"]
[Round "4"]
[White "Bongartz Philipp (GER)"]
[Black "Kaufeld Juergen (GER)"]
[Result "0-1"]
[WhiteElo "2102"]
[BlackElo "2261"]

1.e4 c5 2.Nf3 d6 3.d4 cxd4 4.Nxd4 Nf6 5.Nc3 Nc6 6.Bg5 Bd7 7.f3 Rc8 8.Qd2 Nxd4
9.Qxd4 Qa5 10.h4 a6 11.O-O-O h6 12.Bxf6 gxf6 13.Bc4 Qc5 14.Bd5 Qxd4 15.Rxd4
Rc7 16.g4 h5 17.gxh5 Rxh5 18.Ne2 Bh6+ 19.Kb1 Be3 20.Rdd1 e6 21.Bb3 Ke7 22.Ng3
Rh6 23.h5 Rc5 24.Rh3 Rg5 25.c3 e5 26.Nf5+ Rxf5 {#R} 0-1

[Event "Ch Poland (team) (juniors) (extraliga)"]
[Site "masterchessopen.com Suchedniow (Poland)"]
[Round "4"]
[White "Grela Kacper (POL)"]
[Black "Witczak Jakub (POL)"]
[Result "1-0"]
[WhiteElo "1875"]
[BlackElo "1705"]

1.e4 c5 2.Nf3 d6 3.d4 cxd4 4.Nxd4 Nf6 5.Nc3 Nc6 6.Bg5 Bd7 7.Bc4 Qb6 8.Nb3 e6
9.O-O a6 10.a4 Ne5 11.Be2 Be7 12.Be3 Qc7 13.Qd4 O-O 14.h3 Nc6 15.Qd2 Ne5
16.Qd4 Nc6 17.Qc4 Rfc8 18.f4 Nd8 19.Qd3 Bc6 20.a5 d5 21.e5 Nd7 22.Bd4 f6
23.Qg3 f5 24.Qf2 Nf7 25.Bd3 Nh6 26.Be3 Bb4 27.Ne2 Nf8 28.Bb6 Qe7 29.c3 Bb5
30.Bxb5 axb5 31.cxb4 Qxb4 32.Nc5 Qxb2 33.Nd4 {#r} 1-0

[Event "It (open)"]
[Site "masterchessopen.com Latschach (Austria)"]
[Date "2012.08.17"]
[Round "8"]
[White "Narayanan Srinath (IND)"]
[Black "Salmoiraghi Angelo (ITA)"]
[Result "1-0"]
[WhiteElo "2399"]
[BlackElo "2180"]

1.e4 c5 2.Nf3 d6 3.d4 cxd4 4.Nxd4 Nf6 5.Nc3 Nc6 6.Bg5 Bd7 7.Be2 Qa5 8.Bxf6
gxf6 9.O-O Nxd4 10.Qxd4 Rc8 11.a4 Qc5 12.Qd1 Bg7 13.Bb5 Bxb5 14.axb5 f5 15.Ra3
O-O 16.Nd5 Rfe8 17.exf5 Qxc2 18.Qg4 Qc4 19.Nf4 Kh8 20.Rh3 e5 21.f6 Bxf6 22.Qf5
Kg8 23.Nh5 Bh8 24.Ng3 Kf8 25.Qxh7 Ke7 26.Nf5+ Ke6 27.Rh6+ {#r} 1-0